Regulating space : innovation, liberty, and international obligations : hearing before the Subcommittee on Space, Committee on Science, Space, and Technology, House of Representatives, One Hundred Fifteenth Congress, first session, March 8, 2017.

Bibliographic Details
Corporate Author: United States. Congress. House. Committee on Science, Space, and Technology (2011- ). Subcommittee on Space (Author)
Format: Government Document eBook
Language:English
Published: Washington : U.S. Government Publishing Office, 2017.
Subjects:
Online Access:https://purl.fdlp.gov/GPO/gpo80377

MARC

Tag First Indicator Second Indicator Subfields
LEADER 00000cam a2200000 i 4500
001 in00003842011
006 m o d f
007 cr b|||||a||||
008 170504s2017 dcu ob f000 0 eng c
005 20230719191001.0
035 |a (OCoLC)ocn985449048 
040 |a GPO  |b eng  |e rda  |e pn  |c GPO  |d GPO  |d MvI 
042 |a pcc 
043 |a n-us--- 
049 |a WWW 
050 1 4 |a KF27  |b .S3995 2017 
074 |a 1025-A-03 (online) 
086 0 |a Y 4.SCI 2:115-06 
088 |a Serial no. 115-06 (United States. Congress. House. Committee on Science, Space, and Technology (2011- )) 
110 1 |a United States.  |b Congress.  |b House.  |b Committee on Science, Space, and Technology (2011- ).  |b Subcommittee on Space,  |0 https://id.loc.gov/authorities/names/no2013081498  |e author. 
245 1 0 |a Regulating space :  |b innovation, liberty, and international obligations : hearing before the Subcommittee on Space, Committee on Science, Space, and Technology, House of Representatives, One Hundred Fifteenth Congress, first session, March 8, 2017. 
264 1 |a Washington :  |b U.S. Government Publishing Office,  |c 2017. 
300 |a 1 online resource (iv, 194 pages) 
336 |a text  |b txt  |2 rdacontent 
337 |a computer  |b c  |2 rdamedia 
338 |a online resource  |b cr  |2 rdacarrier 
588 |a Description based on online resource, PDF version; title from title page (FDsys web site, viewed on May 4, 2017). 
500 |a Paper version available for sale by the Superintendent of Documents, U.S. Government Publishing Office. 
504 |a Includes bibliographical references. 
500 |a "Serial no. 115-06." 
500 |a GPO Cataloging Record Distribution Program (CRDP). 
650 0 |a Space law.  |0 https://id.loc.gov/authorities/subjects/sh85125941 
650 0 |a Space industrialization  |x Government policy  |z United States. 
650 0 |a Astronautics and state  |z United States. 
655 7 |a Legislative hearings.  |2 lcgft  |0 https://id.loc.gov/authorities/genreForms/gf2013025047 
776 0 8 |i Print version:  |a United States. Congress. House. Committee on Science, Space, and Technology (2011- ). Subcommittee on Space.  |t Regulating space  |w (OCoLC)985626424 
776 0 8 |i Microfiche version:  |a United States. Congress. House. Committee on Science, Space, and Technology (2011- ). Subcommittee on Space.  |t Regulating space.  |w (OCoLC)1013471990 
856 4 0 |u https://purl.fdlp.gov/GPO/gpo80377  |t 0 
999 f f |s b15fc352-9381-32cd-870e-fb6aac15d350  |i 87ca8606-65ef-37eb-af26-79b63f026bd1  |t 0 
952 f f |a Texas A&M University  |b College Station  |c Electronic Resources  |d Available Online  |t 0  |e Y 4.SCI 2:115-06  |h Superintendent of Documents classification 
998 f f |a Y 4.SCI 2:115-06  |t 0  |l Available Online